|
|
|
|
| LEADER |
00000nab a2200000 r4500 |
| 001 |
vtls011779857 |
| 003 |
SK-MaSNL |
| 005 |
20260304133305.0 |
| 008 |
180919c2018 xo wr|p|||||||000 b|slo |
| 015 |
|
|
|a SNBRB2018/09
|
| 038 |
|
|
|a PPPK
|
| 040 |
|
|
|a PPPKCL
|b slo
|e rda
|
| 041 |
0 |
|
|a slo
|
| 043 |
|
|
|a e-xo---
|
| 044 |
|
|
|a xo
|c SK
|
| 072 |
|
7 |
|a 352/354
|x Stupne miestnej, oblastnej a ústrednej správy
|2 konspekt
|
| 080 |
|
|
|a 352
|2 2011
|
| 080 |
|
|
|a 728.222
|2 2011
|
| 080 |
|
|
|a 728.1/.3
|2 2011
|
| 080 |
|
|
|a 796.323.2
|2 2011
|
| 080 |
|
|
|a 796/799:061
|2 2011
|
| 080 |
|
|
|a 725.85
|2 2011
|
| 080 |
|
|
|a 347.453.3
|2 2011
|
| 080 |
|
|
|a 796.966
|2 2011
|
| 100 |
1 |
|
|a Ovšonka, Rastislav,
|d 1972-
|4 aut
|9 194552
|
| 245 |
1 |
0 |
|a Sídlisko Juh IV dostane ďalšiu šancu
|c Rastislav Ovšonka
|
| 336 |
|
|
|a text
|b txt
|2 rdacontent
|
| 337 |
|
|
|a bez média
|b n
|2 rdamedia
|
| 338 |
|
|
|a zväzok
|b nc
|2 rdacarrier
|
| 610 |
1 |
7 |
|a Poprad (Slovensko).
|b Mestské zastupiteľstvo
|2 pppkcl
|9 187158
|
| 610 |
2 |
7 |
|a BAM Poprad
|2 pppkcl
|9 1089972
|
| 610 |
2 |
7 |
|a Aréna Poprad (Poprad, Slovensko)
|2 pppkcl
|9 1033822
|
| 610 |
2 |
7 |
|a HK Poprad
|2 pppkcl
|9 712445
|
| 648 |
|
7 |
|a 30.8.2018
|2 pppkcl
|9 1450149
|
| 650 |
0 |
7 |
|a územné plánovanie
|2 pppkcl
|9 2641
|
| 650 |
0 |
7 |
|a bytová výstavba
|2 pppkcl
|9 3036
|
| 650 |
0 |
7 |
|a sídliská
|2 pppkcl
|9 26585
|
| 650 |
0 |
7 |
|a nájomné byty
|2 pppkcl
|9 469715
|
| 650 |
0 |
7 |
|a šport
|2 pppkcl
|9 1042
|
| 650 |
0 |
7 |
|a basketbal
|2 pppkcl
|9 3290
|
| 650 |
0 |
7 |
|a športové kluby
|2 pppkcl
|9 70137
|
| 650 |
0 |
7 |
|a športové haly
|2 pppkcl
|9 74428
|
| 650 |
0 |
7 |
|a prenájom
|2 pppkcl
|9 2668
|
| 650 |
0 |
7 |
|a ľadový hokej
|2 pppkcl
|9 3231
|
| 651 |
|
7 |
|a Poprad (Slovensko)
|2 pppkcl
|9 20155
|
| 773 |
0 |
|
|t Podtatranské noviny
|g Roč. LIX, č. 36 (2018), s. 3 a 7
|x 1210-2423
|
| 852 |
|
|
|a PPPK
|b KIS3GCP
|
| 999 |
|
|
|c 2900821
|d 2902751
|